| 000 | 01035cam a2200301 4500 | ||
|---|---|---|---|
| 001 | 8485 | ||
| 003 | FISKH | ||
| 005 | 20250915143322.0 | ||
| 008 | 680301s1968 nyua j 000 0 eng | ||
| 010 | _a 68010123 | ||
| 040 |
_aDLC _cDLC _dDLC _beng |
||
| 050 | 0 | 0 |
_aE98.S5 _bA7 |
| 082 | 0 | 0 |
_a419 _221 |
| 100 | 1 | _aAmon, Aline. | |
| 245 | 1 | 0 |
_aTalking hands; _bIndian sign language. _cWritten and illustrated by Aline Amon. |
| 250 | _aThis edition published in 1972 | ||
| 260 |
_aChicago : _bScience Research Associate, _c1968 |
||
| 300 |
_a28 pages : _bcolor illustrations ; _c21 cm |
||
| 505 | _aO | ||
| 520 | _aTeaches sign language that are used on every day not only by Native Americans, but by Americans in today's society. | ||
| 521 | 8 |
_a600
_bLexile |
|
| 521 | 8 |
_aO
_bRaz-Plus |
|
| 650 | 0 |
_aIndian sign language _xJuvenile literature. |
|
| 650 | 0 |
_aIndians of North America _zGreat Plains _xJuvenile literature. |
|
| 906 |
_a7 _bcbc _corignew _du _encip _f19 _gy-gencatlg |
||
| 942 |
_2ddc _cBK _n0 |
||
| 999 |
_c8485 _d8485 |
||